00325nam a2200109Ia 4500003000400000008004100004100003900045245004700084260005500131300001100186650001800197OSt191201s2014 xx 000 0 und d aASSOCIATION OF INDIAN UNIVERSITIES 0aUniversities Hand Book Vol- II 2014 (L- Z) aN. DelhibAssociation of Indian Universitiesc2014 a1-1118 aGeneral Books